000 nam a22 7a 4500
999 _c9470
_d9470
008 180131b ||||| |||| 00| 0 eng d
100 _aBatra, S K
_95396
245 _aTogether with mathematics - IX
260 _aNew Delhi
_bRachna Saagar Publication
_c2007